[Event "Kuala Lumpur op 3rd"]
[Site "Kuala Lumpur"]
[Date "2006.08.22"]
[Round "4"]
[White "Hussein, Jamil"]
[Black "Haessler, Carl A"]
[Result "1/2-1/2"]
[WhiteElo "2088"]
[BlackElo "2198"]
[PlyCount "105"]
[EventDate "2006.08.21"]
[EventType "swiss"]
[EventRounds "11"]
[EventCountry "MAS"]
[SourceTitle "CBM 114 Extra"]
[Source "ChessBase"]
[SourceDate "2006.11.03"]
[SourceVersion "1"]
[SourceVersionDate "2006.11.03"]
[SourceQuality "1"]

1. e4 e5 2. Nf3 d6 3. d4 exd4 4. Nxd4 g6 5. Bc4 Bg7 6. 0-0 Nf6 7. Nc3 0-0 8. h3 c6 9. a4 d5 10. exd5 cxd5 11. Bb3 Nc6 12. Bg5 Nb4 13. Qf3 h6 14. Bh4 g5 15. Bg3 Ne4 16. Nxe4 dxe4 17. Qxe4 Qxd4 18. Qxd4 Bxd4 19. c3 Be6 20. Bxe6 fxe6 21. cxd4 Rfc8 22. Rae1 Rc6 23. Re4 Nd5 24. Rfe1 Kf7 25. h4 Re8 26. hxg5 hxg5 27. Rg4 Rg8 28. Rge4 Rg6 29. Bb8 a6 30. g3 Rc4 31. Bd6 Rxa4 32. Rc1 Rg8 33. Kg2 Rd8 34. Be5 Rb4 35. Rh1 Kg6 36. Re2 Rb3 37. Bh8 Re8 38. Be5 a5 39. Ra1 b6 40. Rc1 a4 41. Rc6 b5 42. Bd6 b4 43. Ra6 Rd3 44. Bc5 a3 45. bxa3 bxa3 46. Bxa3 Rxd4 47. Bb2 Rd3 48. Raxe6+ Rxe6 49. Rxe6+ Kh5 50. Re5 Rd1 51. Ba3 Kg6 52. Bc5 Kf6 53. Re8 1/2-1/2